[Event "Niedersachsen-ch op-B"]
[Site "Verden an der Aller"]
[Date "2020.01.02"]
[Round "1"]
[White "Roehl, Bernd"]
[Black "Tenninger, Joerg"]
[Result "1-0"]
[WhiteElo "1786"]
[BlackElo "1555"]
[PlyCount "71"]
[EventDate "2020.01.02"]
[EventType "swiss"]
[EventRounds "7"]
[EventCountry "GER"]
[SourceTitle "EXT 2023"]
[Source "ChessBase"]
[SourceDate "2022.10.05"]
[SourceVersion "1"]
[SourceVersionDate "2022.10.05"]
[SourceQuality "1"]

1. d4 e6 2. Nf3 d5 3. c4 Nf6 4. Nc3 Be7 5. Bf4 a6 6. cxd5 Nxd5 7. Bd2 0-0 8. e4 Nb6 9. Be3 N8d7 10. Bd3 c5 11. 0-0 cxd4 12. Nxd4 Ne5 13. Be2 Nec4 14. Bc1 Qc7 15. b3 Ne5 16. Bb2 Rd8 17. Na4 Nxa4 18. bxa4 Bc5 19. Qc2 b6 20. Rac1 Qb8 21. Nb3 Bd6 22. f4 Ng6 23. e5 Bb4 24. Bf3 Bb7 25. Bxb7 Qxb7 26. Qf2 Rd3 27. f5 Nf8 28. f6 Rad8 29. Bd4 R8xd4 30. Nxd4 Rd2 31. Qg3 Ng6 32. Nf3 Rxa2 33. Rfd1 h6 34. h4 Bf8 35. h5 Nh8 36. Rd8 1-0

[Event "Niedersachsen-ch op B"]
[Site "Verden"]
[Date "2019.01.05"]
[Round "6"]
[White "Tenninger, Joerg"]
[Black "Michelitsch, Mario"]
[Result "1-0"]
[WhiteElo "1489"]
[BlackElo "1357"]
[PlyCount "145"]
[EventDate "2019.01.03"]
[EventType "swiss"]
[EventRounds "7"]
[EventCountry "GER"]
[SourceTitle "EXT 2022"]
[Source "ChessBase"]
[SourceDate "2021.10.06"]
[SourceVersion "1"]
[SourceVersionDate "2021.10.06"]
[SourceQuality "1"]

1. d4 Nf6 2. c4 g6 3. Nf3 Bg7 4. Nc3 0-0 5. e3 d6 6. Be2 c5 7. 0-0 b6 8. a3 cxd4 9. Nxd4 Bb7 10. Bf3 Bxf3 11. Qxf3 Na6 12. b4 Nd7 13. Bb2 Ne5 14. Qe2 Qc7 15. Nd5 Qxc4 16. Nxe7+ Kh8 17. Rab1 Qxe2 18. Nxe2 Rae8 19. Nd5 Re6 20. Nd4 Ree8 21. Nb5 Nc6 22. Bxg7+ Kxg7 23. Rbc1 Nab8 24. Rfd1 Rd8 25. Nf4 g5 26. Ne2 d5 27. Ned4 Nxd4 28. Nxd4 Rd7 29. Rc3 Rfd8 30. Rdc1 Kg6 31. Kf1 a6 32. Ke2 b5 33. h3 h6 34. Kd3 Kf6 35. g4 Kg6 36. Nf3 Kf6 37. Nd4 Kg6 38. Nc6 Nxc6 39. Rxc6+ Rd6 40. Rxd6+ Rxd6 41. Kd4 Kf6 42. Rc8 Ke7 43. f4 Re6 44. f5 Re4+ 45. Kd3 Rc4 46. Rh8 Rc6 47. Kd4 Rc1 48. Rxh6 Ra1 49. Rxa6 Rh1 50. Rh6 Ra1 51. Kxd5 Rxa3 52. e4 Rc3 53. Rc6 Rxh3 54. f6+ Kd7 55. Rb6 Kc7 56. Rxb5 Rg3 57. Rc5+ Kb6 58. Ke5 Rxg4 59. Kf5 Rg1 60. Rd5 Kc6 61. Rc5+ Kb6 62. Re5 g4 63. Re7 g3 64. Rxf7 g2 65. Ke6 Rf1 66. Rg7 g1Q 67. Rxg1 Rxg1 68. f7 Rg4 69. f8Q Rxe4+ 70. Kd5 Re2 71. Qc5+ Ka6 72. Qa5+ Kb7 73. Qb5+ 1-0

[Event "Niedersachsen-ch op B"]
[Site "Verden"]
[Date "2018.01.06"]
[Round "5"]
[White "Tenninger, Joerg"]
[Black "Hallfarth, Luise"]
[Result "1/2-1/2"]
[WhiteElo "1518"]
[BlackElo "1256"]
[PlyCount "29"]
[EventDate "2018.01.04"]
[EventType "swiss"]
[EventRounds "7"]
[EventCountry "GER"]
[SourceTitle "EXT 2022"]
[Source "ChessBase"]
[SourceDate "2021.10.06"]
[SourceVersion "1"]
[SourceVersionDate "2021.10.06"]
[SourceQuality "1"]

1. d4 e6 2. c4 Nf6 3. Bg5 h6 4. Bh4 Bb4+ 5. Nc3 c5 6. e3 Qa5 7. Nge2 Ne4 8. Qc2 d5 9. a3 cxd4 10. exd4 Nc6 11. Rd1 Bxc3+ 12. Nxc3 Nxc3 13. Qxc3 dxc4 14. Bxc4 Qxc3+ 15. bxc3 1/2-1/2

[Event "Niedersachsen-ch op B"]
[Site "Verden"]
[Date "2018.01.04"]
[Round "1"]
[White "Tenninger, Joerg"]
[Black "Axt, Christian"]
[Result "1/2-1/2"]
[WhiteElo "1518"]
[BlackElo "1696"]
[PlyCount "84"]
[EventDate "2018.01.04"]
[EventType "swiss"]
[EventRounds "7"]
[EventCountry "GER"]
[SourceTitle "EXT 2022"]
[Source "ChessBase"]
[SourceDate "2021.10.06"]
[SourceVersion "1"]
[SourceVersionDate "2021.10.06"]
[SourceQuality "1"]

1. d4 Nf6 2. c4 g6 3. Nf3 Bg7 4. Nc3 e6 5. Bg5 d5 6. e3 0-0 7. Be2 b6 8. 0-0 Bb7 9. Rc1 Nbd7 10. b4 h6 11. Bf4 Nh5 12. Bg3 Nxg3 13. hxg3 dxc4 14. Bxc4 a6 15. a4 Qe7 16. Qb3 Rad8 17. Rfd1 c6 18. b5 cxb5 19. axb5 a5 20. Be2 Rc8 21. Na4 Rfd8 22. Qb2 Bf8 23. Nc3 Qa3 24. Qxa3 Bxa3 25. Rc2 Bd5 26. Nd2 a4 27. Rb1 f5 28. Bd3 Ra8 29. Nxd5 exd5 30. Ra1 Be7 31. Rc6 Kf7 32. Nb1 a3 33. Nc3 Nf6 34. Rxb6 Rdc8 35. Rc6 Ke8 36. Nb1 Kd7 37. Rxc8 Kxc8 38. Kf1 Kc7 39. Ke2 Kb6 40. f3 Ne8 41. Kd2 Nc7 42. Kc2 Nxb5 1/2-1/2

[Event "Niedersachsen-ch op-C"]
[Site "Verden"]
[Date "2017.01.06"]
[Round "3"]
[White "Kiesel, Lucas"]
[Black "Tenninger, Joerg"]
[Result "1-0"]
[WhiteElo "1698"]
[BlackElo "1608"]
[PlyCount "53"]
[EventDate "2017.01.05"]
[EventType "swiss"]
[EventRounds "7"]
[EventCountry "GER"]
[SourceTitle "CBM 187 Extra"]
[Source "ChessBase"]
[SourceDate "2018.11.04"]
[SourceVersion "1"]
[SourceVersionDate "2018.11.04"]
[SourceQuality "1"]

1. d4 d5 2. c4 e6 3. Nc3 Nf6 4. Nf3 Be7 5. Bf4 0-0 6. e3 a6 7. Bd3 Nbd7 8. h3 Nb6 9. cxd5 Nbxd5 10. Bh2 c5 11. 0-0 Qb6 12. Na4 Qa5 13. dxc5 Bxc5 14. Nxc5 Qxc5 15. a3 b5 16. Rc1 Qb6 17. e4 Ne7 18. Bc7 Qa7 19. Bd6 Ne8 20. Bc5 Qb7 21. e5 h6 22. Qe2 Qd7 23. Rfd1 Nd5 24. Qc2 f5 25. Bxf8 Kxf8 26. Bxf5 Qf7 27. Rxd5 1-0

[Event "Niedersachsen-ch op-C"]
[Site "Verden"]
[Date "2017.01.05"]
[Round "2"]
[White "Tenninger, Joerg"]
[Black "Drezek, Wieslaw"]
[Result "1-0"]
[WhiteElo "1608"]
[BlackElo "1585"]
[PlyCount "131"]
[EventDate "2017.01.05"]
[EventType "swiss"]
[EventRounds "7"]
[EventCountry "GER"]
[SourceTitle "CBM 187 Extra"]
[Source "ChessBase"]
[SourceDate "2018.11.04"]
[SourceVersion "1"]
[SourceVersionDate "2018.11.04"]
[SourceQuality "1"]

1. d4 Nf6 2. c4 e5 3. d5 Bc5 4. Nc3 e4 5. e3 a5 6. Nge2 d6 7. Ng3 Nbd7 8. Ncxe4 0-0 9. Bd3 Bb4+ 10. Bd2 Ne5 11. Bxb4 axb4 12. 0-0 Nfg4 13. h3 Nxd3 14. Qxd3 Ne5 15. Qb3 f5 16. Nd2 f4 17. exf4 Rxf4 18. Rae1 Qh4 19. Re4 Bd7 20. Rxf4 Qxf4 21. Nge4 Bf5 22. Re1 Rf8 23. Re3 Nd7 24. Qxb4 Bxe4 25. Nxe4 Nc5 26. Qe1 Nd7 27. Rf3 Qe5 28. Rxf8+ Kxf8 29. Qe2 Nf6 30. Nc3 Qd4 31. Nb5 Qc5 32. a3 Ne8 33. g4 c6 34. b4 Qb6 35. Qf3+ Kg8 36. dxc6 bxc6 37. Qe4 Kf8 38. Qf4+ Ke7 39. Qg5+ Kd7 40. Qf5+ Ke7 41. Qe4+ Kd7 42. Nd4 c5 43. Qe6+ Kd8 44. Nf5 Qc7 45. b5 g6 46. Nh6 Qd7 47. Nf7+ Kc8 48. Qd5 Kb8 49. Ng5 h5 50. Ne6 Nf6 51. Nxc5 dxc5 52. Qe5+ Kb7 53. Qxf6 hxg4 54. Qa6+ Kb8 55. Qb6+ Ka8 56. Qc6+ Qxc6 57. bxc6 gxh3 58. Kh2 Kb8 59. Kxh3 Kc7 60. Kg4 Kxc6 61. Kf4 Kb6 62. Ke5 Ka5 63. Kd5 Ka4 64. Kxc5 Kxa3 65. Kd6 Kb4 66. c5 1-0

[Event "Hannover-chC"]
[Site "Lehrte"]
[Date "2016.10.02"]
[Round "3"]
[White "Tenninger, Joerg"]
[Black "Mumm, Karen"]
[Result "0-1"]
[WhiteElo "1608"]
[BlackElo "1623"]
[PlyCount "48"]
[EventDate "2016.10.01"]
[EventType "swiss"]
[EventRounds "7"]
[EventCountry "GER"]
[SourceTitle "EXT 2020"]
[Source "ChessBase"]
[SourceDate "2019.10.17"]
[SourceVersion "1"]
[SourceVersionDate "2019.10.17"]
[SourceQuality "1"]

1. d4 Nf6 2. c4 g6 3. Nc3 Bg7 4. Nf3 0-0 5. e3 b6 6. Be2 Bb7 7. 0-0 d5 8. Bd2 Nbd7 9. b4 c5 10. bxc5 bxc5 11. Rb1 cxd4 12. Nxd4 Rb8 13. Ncb5 a6 14. Na3 Ne4 15. Bb4 a5 16. Be1 e6 17. Rb5 dxc4 18. Nxc4 Nec5 19. Bxa5 Qg5 20. Nf3 Bxf3 21. Bxf3 Rxb5 22. Bc7 Ne5 23. a4 Nxf3+ 24. Qxf3 Nxa4 0-1

[Event "Niedersachsen-ch op-B"]
[Site "Verden"]
[Date "2015.01.03"]
[Round "3"]
[White "Kubitza, Katharina"]
[Black "Tenninger, Joerg"]
[Result "1/2-1/2"]
[WhiteElo "1443"]
[BlackElo "1547"]
[PlyCount "47"]
[EventDate "2015.01.02"]
[EventType "swiss"]
[EventRounds "7"]
[EventCountry "GER"]
[SourceTitle "EXT 2018"]
[Source "ChessBase"]
[SourceDate "2017.10.13"]
[SourceVersion "1"]
[SourceVersionDate "2017.10.13"]
[SourceQuality "1"]

1. d4 d5 2. c4 e6 3. Nc3 Nf6 4. Bg5 Be7 5. Nf3 0-0 6. e3 b6 7. cxd5 Nxd5 8. Nxd5 exd5 9. Bxe7 Qxe7 10. Qb3 c6 11. Bd3 Bb7 12. 0-0 Nd7 13. Qc2 g6 14. Rfe1 Nf6 15. Ne5 Rac8 16. Qa4 a5 17. Qb3 Qb4 18. Qc2 Rc7 19. Rac1 Rfc8 20. h3 Qd6 21. Qd2 Nd7 22. Nxd7 Rxd7 23. b3 Re7 24. Be2 1/2-1/2

[Event "Niedersachsen-ch op-B"]
[Site "Verden"]
[Date "2015.01.02"]
[Round "1"]
[White "Pahl, Theis"]
[Black "Tenninger, Joerg"]
[Result "0-1"]
[WhiteElo "1206"]
[BlackElo "1547"]
[PlyCount "136"]
[EventDate "2015.01.02"]
[EventType "swiss"]
[EventRounds "7"]
[EventCountry "GER"]
[SourceTitle "EXT 2018"]
[Source "ChessBase"]
[SourceDate "2017.10.13"]
[SourceVersion "1"]
[SourceVersionDate "2017.10.13"]
[SourceQuality "1"]

1. e4 e6 2. d4 d5 3. e5 c5 4. c3 Nc6 5. Be3 Qb6 6. Qd2 Nh6 7. Bxh6 gxh6 8. Nf3 Bd7 9. Be2 0-0-0 10. 0-0 Kb8 11. a4 Rc8 12. Bb5 Rg8 13. Qd3 Rg7 14. a5 Qd8 15. c4 Nb4 16. Qb3 a6 17. Bxd7 Qxd7 18. Rd1 dxc4 19. Qxc4 cxd4 20. Qxd4 Qxd4 21. Nxd4 Rg4 22. Nf3 Nd5 23. Nc3 Nxc3 24. bxc3 Rgc4 25. Rd7 Rxc3 26. h3 R3c7 27. Rad1 Bb4 28. Rxc7 Kxc7 29. Ra1 Kd7 30. Rb1 Rc4 31. Kf1 Kc6 32. Ke2 Bxa5 33. Kd3 b5 34. Nd4+ Kd5 35. Nxb5 axb5 36. Rxb5+ Rc5 37. Rb7 Rc3+ 38. Ke2 Bc7 39. Kd2 Rc5 40. f4 Ke4 41. Rb4+ Kf5 42. g4+ Kg6 43. Ra4 Bd8 44. Ra8 Rd5+ 45. Ke3 Kg7 46. Rc8 Bb6+ 47. Kf3 Rd3+ 48. Kg2 Be3 49. f5 exf5 50. gxf5 Bf4 51. e6 Rg3+ 52. Kf2 Re3 53. exf7 Kxf7 54. Rc7+ Kf6 55. Rc6+ Kxf5 56. Rc5+ Kf6 57. Rc6+ Kg5 58. Rb6 Rxh3 59. Rb7 Kg4 60. Rg7+ Bg5 61. Rxh7 h5 62. Ra7 Rf3+ 63. Kg2 h4 64. Ra4+ Bf4 65. Ra1 h3+ 66. Kg1 Rc3 67. Kh1 Rc2 68. Kg1 Be3+ 0-1

[Event "Daehne Cup Region 13/14 III Rest"]
[Site "Burgdorf"]
[Date "2014.03.17"]
[Round "4"]
[White "Tenninger, Joerg"]
[Black "Stiller, Frank"]
[Result "0-1"]
[WhiteElo "1539"]
[BlackElo "1527"]
[PlyCount "66"]
[EventDate "2014.02.??"]
[EventType "swiss"]
[EventRounds "4"]
[EventCountry "GER"]
[SourceTitle "EXT 2022"]
[Source "ChessBase"]
[SourceDate "2021.10.06"]
[SourceVersion "1"]
[SourceVersionDate "2021.10.06"]
[SourceQuality "1"]

1. d4 d6 2. Nf3 g6 3. c4 Bg7 4. Nc3 Nf6 5. Bg5 0-0 6. e3 b6 7. Be2 Bb7 8. 0-0 Re8 9. Qc2 Nbd7 10. Rad1 e5 11. d5 a5 12. a3 Qc8 13. h3 Ba6 14. b4 axb4 15. axb4 Bb7 16. Nb5 Kh8 17. Ra1 Nf8 18. Rxa8 Bxa8 19. Ra1 Bb7 20. Ra7 Rd8 21. Nd2 h6 22. Bxf6 Bxf6 23. e4 Qb8 24. Qd3 Kg7 25. Qe3 Bg5 26. Qd3 c6 27. dxc6 Bxc6 28. Ra2 Bxb5 29. cxb5 Ne6 30. Qd5 Nf4 31. Qc4 Rc8 32. Qb3 Nxe2+ 33. Kh2 Nc1 0-1